000 00669nam a2200253 a 4500
001 nice12345678
003 IN_TiNIC
005 20260116012321.0
008 050524s1989 dela grp 000 0 eng
020 _a8185574
_c394.94
082 0 0 _a261
_bPAN
100 _aPannenberg, Wolfhart
245 _aChristianity in a Secularized World
260 _aDelhi
_bIntercultural Publications
_c1989
300 _a62p
500 _aincludes index and biblioraphy
505 2 _aBibliography
650 _aSecularization-Theology
650 _aChristianity-20th Century
700 1 _aPannenberg, Wolfhart
902 _bSRS
942 _cBK
999 _c6527
_d6527